| 000 | 00823nam a2200253 i 4500 | ||
|---|---|---|---|
| 001 | bg | ||
| 100 | 1 | _aKUPCZYK, Maciej | |
| 245 | 1 | 0 |
_aInżynieria powierzchni : _bpowłoki przeciwzużyciowe na ostrza skrawające / _cMaciej Kupczyk. |
| 260 |
_aPoznań : _bWydaw. Politechniki Poznańskiej, _c2004. |
||
| 300 |
_a176 s. : _bfot., rys., tab., wykr. ; _c24 cm. |
||
| 504 | _aBibliogr. przy rozdz. | ||
| 650 | 9 |
_aOstrza skrawające _xeksploatacja |
|
| 650 | 9 |
_aOstrza skrawające _xmateriały |
|
| 650 | 9 |
_aPowłoki ochronne _xmateriały |
|
| 650 | 9 | _aWytrzymałość materiałów | |
| 655 | _aPodręczniki akademickie | ||
| 020 | _a8371435754 | ||
| 040 | _cBPK | ||
| 041 | 0 | _apol | |
| 080 | _a621.9:620.197:539.3/.6](075.8) | ||
| 920 | _a83-7143-575-4 | ||
| 942 | _cKS | ||
| 008 | s pl f |000 0 pol | ||
| 999 |
_c44555 _d44555 |
||
| 856 |
_uhttp://koha.tu.koszalin.pl/cgi-bin/koha/opac-detail.pl?biblionumber=44555 _yKatalog online BPK |
||